000 00675nam a2200277Ia 4500
005 20260324143502.0
008 008 260324s9999 xx 000 0 eng d
020 _a9781315564470
037 _aEBOOK
040 _aCRL
040 _beng
040 _cCRL
041 _2eng
041 _aeng
084 _qCRL
100 _aSoko Tomita
_91215806
245 2 _aA Bibliographical Catalogue of Italian Books Printed in England 1558–1603
260 _bTaylor and Francis
260 _c1991
365 _a
365 _b290
856 _uhttp://www.taylorfrancis.com/books/9781315564470
942 _cEBOOK
999 _c1821268
_d1821268